[Event "Montreal Varennes op"]
[Site "Montreal"]
[Date "2014.11.09"]
[Round "4"]
[White "Luo, Alan"]
[Black "Pomerantz, Daniel"]
[Result "0-1"]
[WhiteElo "1699"]
[BlackElo "1925"]
[PlyCount "52"]
[EventDate "2014.11.07"]
[EventType "swiss"]
[EventRounds "5"]
[EventCountry "CAN"]
[SourceTitle "EXT 2022"]
[Source "ChessBase"]
[SourceDate "2021.10.06"]
[SourceVersion "1"]
[SourceVersionDate "2021.10.06"]
[SourceQuality "1"]

1. e4 c5 2. Nf3 Nc6 3. d4 cxd4 4. Nxd4 Nf6 5. Nc3 d6 6. Bc4 Qb6 7. Nxc6 bxc6 8. 0-0 g6 9. Bb3 Bg7 10. Be3 Qc7 11. h3 0-0 12. Qd2 Bb7 13. Rfe1 Rfd8 14. Bh6 Bxh6 15. Qxh6 e5 16. Rad1 Qe7 17. Re3 Rd7 18. Rf3 Rad8 19. g4 d5 20. g5 Nh5 21. exd5 cxd5 22. Ba4 d4 23. Rf6 Nxf6 24. gxf6 Qxf6 25. Bxd7 Qf3 26. Kf1 dxc3 0-1

[Event "Montreal Varennes op"]
[Site "Montreal"]
[Date "2014.11.09"]
[Round "5"]
[White "Ouellet, Maili Jade"]
[Black "Luo, Alan"]
[Result "1-0"]
[WhiteElo "2001"]
[BlackElo "1699"]
[PlyCount "61"]
[EventDate "2014.11.07"]
[EventType "swiss"]
[EventRounds "5"]
[EventCountry "CAN"]
[SourceTitle "EXT 2022"]
[Source "ChessBase"]
[SourceDate "2021.10.06"]
[SourceVersion "1"]
[SourceVersionDate "2021.10.06"]
[SourceQuality "1"]

1. d4 d5 2. c4 e6 3. Nc3 c5 4. e3 Nf6 5. Nf3 Nc6 6. cxd5 exd5 7. dxc5 Bxc5 8. Be2 0-0 9. 0-0 Bf5 10. a3 Qd7 11. b4 Bb6 12. Bb2 Bc7 13. Nb5 Ne4 14. Nxc7 Qxc7 15. Qxd5 Bg6 16. Rac1 Rad8 17. Qb3 Bh5 18. b5 Qb6 19. Qc2 Bg6 20. bxc6 Ng3 21. hxg3 Bxc2 22. Rxc2 bxc6 23. Bd4 Qb7 24. Rfc1 f6 25. Rxc6 Rb8 26. Rc7 Qe4 27. Ng5 Qg6 28. Bc4+ Kh8 29. Nf7+ Rxf7 30. Bxf7 Qf5 31. e4 1-0

[Event "Toronto NAYCC U14"]
[Site "Toronto"]
[Date "2013.08.18"]
[Round "9"]
[White "Song, Eric"]
[Black "Luo, Alan"]
[Result "1/2-1/2"]
[WhiteElo "1759"]
[BlackElo "1479"]
[PlyCount "108"]
[EventDate "2013.08.14"]
[EventType "swiss"]
[EventRounds "9"]
[EventCountry "CAN"]
[SourceTitle "EXT 2022"]
[Source "ChessBase"]
[SourceDate "2021.10.06"]
[SourceVersion "1"]
[SourceVersionDate "2021.10.06"]
[SourceQuality "1"]

1. e4 e5 2. Nf3 d6 3. d4 Nf6 4. Nc3 Nbd7 5. Bc4 Be7 6. 0-0 0-0 7. b3 c6 8. a4 Qc7 9. dxe5 Nxe5 10. Nxe5 dxe5 11. Bb2 Bg4 12. f3 Rad8 13. Qe1 Bh5 14. Qg3 Bc5+ 15. Kh1 Bd4 16. Rad1 Bxc3 17. Bxc3 Rxd1 18. Rxd1 Re8 19. Re1 Bg6 20. Qf2 a6 21. h4 h6 22. g4 Qc8 23. h5 Bh7 24. Qg3 Qc7 25. Qh2 b5 26. Bd3 a5 27. Rg1 Re6 28. g5 Nd7 29. Qh4 Qd8 30. axb5 cxb5 31. Bxb5 Nf8 32. Bc4 Rd6 33. Bxe5 Rd1 34. Bxf7+ Kxf7 35. g6+ Nxg6 36. hxg6+ Bxg6 37. Qxd8 Rxd8 38. Bc3 Rc8 39. Bxa5 Rxc2 40. b4 Rf2 41. Re1 Rxf3 42. b5 Ra3 43. Bc7 Ra4 44. e5 Be4+ 45. Kh2 g5 46. b6 Rb4 47. Kg3 Ke6 48. Kf2 h5 49. Bd6 Rb2+ 50. Ke3 Bf5 51. Bc7 Rb4 52. Rh1 h4 53. Bd8 Re4+ 54. Kf2 Rxe5 1/2-1/2

[Event "Toronto NAYCC U14"]
[Site "Toronto"]
[Date "2013.08.15"]
[Round "2"]
[White "Luo, Alan"]
[Black "Katznelson, Roy"]
[Result "1-0"]
[WhiteElo "1479"]
[BlackElo "998"]
[PlyCount "119"]
[EventDate "2013.08.14"]
[EventType "swiss"]
[EventRounds "9"]
[EventCountry "CAN"]
[SourceTitle "EXT 2022"]
[Source "ChessBase"]
[SourceDate "2021.10.06"]
[SourceVersion "1"]
[SourceVersionDate "2021.10.06"]
[SourceQuality "1"]

1. e4 c6 2. d4 d5 3. exd5 cxd5 4. c4 Nf6 5. Nc3 e6 6. Nf3 b6 7. Be2 Be7 8. 0-0 0-0 9. Bf4 Nc6 10. Rc1 Bd6 11. Bg3 Bxg3 12. fxg3 Ne4 13. cxd5 Nxc3 14. Rxc3 Qxd5 15. Bc4 Qd6 16. Qd3 Rd8 17. Rd1 Nb4 18. Qe4 Rb8 19. a3 Bb7 20. Qe3 Nd5 21. Bxd5 Qxd5 22. Qf4 Re8 23. Rc7 e5 24. Qc1 Rbd8 25. Qc2 e4 26. Ne5 Rxe5 27. Rxb7 Qxb7 28. dxe5 Rxd1+ 29. Qxd1 Qe7 30. Qd5 Qc5+ 31. Qxc5 bxc5 32. Kf2 Kf8 33. Ke3 Ke7 34. Kxe4 Ke6 35. g4 g5 36. b3 a5 37. a4 h6 38. h3 f6 39. exf6 Kxf6 40. Kd5 Kg6 41. Kxc5 h5 42. Kb5 hxg4 43. hxg4 Kf6 44. Kxa5 Ke5 45. g3 Kd5 46. b4 Kc6 47. b5+ Kb7 48. b6 Kb8 49. Kb5 Kb7 50. a5 Kb8 51. Kc6 Ka8 52. b7+ Kb8 53. a6 Ka7 54. Kc7 Kxa6 55. b8Q Ka5 56. Kc6 Ka4 57. Kc5 Ka3 58. Kc4 Ka2 59. Kc3 Ka1 60. Qb2# 1-0

[Event "Toronto NAYCC U14"]
[Site "Toronto"]
[Date "2013.08.15"]
[Round "3"]
[White "Sirkovich, Daniel"]
[Black "Luo, Alan"]
[Result "1-0"]
[WhiteElo "1768"]
[BlackElo "1479"]
[PlyCount "60"]
[EventDate "2013.08.14"]
[EventType "swiss"]
[EventRounds "9"]
[EventCountry "CAN"]
[SourceTitle "EXT 2022"]
[Source "ChessBase"]
[SourceDate "2021.10.06"]
[SourceVersion "1"]
[SourceVersionDate "2021.10.06"]
[SourceQuality "1"]

1. e4 e5 2. Nf3 d6 3. d4 Nf6 4. Nc3 Nbd7 5. Bc4 Be7 6. 0-0 0-0 7. h3 c6 8. Be3 b5 9. Bd3 Bb7 10. Ne2 exd4 11. Nfxd4 a6 12. Ng3 c5 13. Ndf5 c4 14. Be2 Nxe4 15. Nxe4 Bxe4 16. Nxd6 Bxd6 17. Qxd6 Bxc2 18. Bf3 Nf6 19. Qg3 Rc8 20. Rac1 Bg6 21. Rfd1 Qe7 22. Bf4 Rfd8 23. Re1 Qa7 24. Be5 Qb6 25. Re3 Rd3 26. Rxd3 Bxd3 27. Bd5 Bg6 28. Rd1 Nxd5 29. Rxd5 Qa5 30. Bc3 Qxa2 1-0

[Event "CAN-ch U14"]
[Site "Ottawa"]
[Date "2013.07.12"]
[Round "5"]
[White "Zhang, Jeff"]
[Black "Luo, Alan"]
[Result "0-1"]
[WhiteElo "1500"]
[BlackElo "1221"]
[PlyCount "40"]
[EventDate "2013.07.10"]
[EventType "swiss"]
[EventRounds "6"]
[EventCountry "CAN"]
[SourceTitle "EXT 2022"]
[Source "ChessBase"]
[SourceDate "2021.10.06"]
[SourceVersion "1"]
[SourceVersionDate "2021.10.06"]
[SourceQuality "1"]

1. e4 e5 2. Nf3 d6 3. d4 exd4 4. Nxd4 Nf6 5. Nc3 Be7 6. Bc4 0-0 7. Be3 c5 8. Nde2 Be6 9. Bxe6 fxe6 10. Nf4 Qd7 11. e5 Ne8 12. exd6 Nxd6 13. Nd3 b6 14. 0-0 Nc6 15. Qg4 Nf5 16. Bg5 Bxg5 17. Qxg5 Rf6 18. Rad1 Nfd4 19. Ne5 Qb7 20. f3 Rf5 0-1

[Event "Quebec-ch U20"]
[Site "Montreal"]
[Date "2013.02.09"]
[Round "3"]
[White "Nikulich, Oleksandr"]
[Black "Luo, Alan"]
[Result "1-0"]
[WhiteElo "1933"]
[BlackElo "1190"]
[PlyCount "63"]
[EventDate "2013.02.08"]
[EventType "swiss"]
[EventRounds "5"]
[EventCountry "CAN"]
[SourceTitle "EXT 2022"]
[Source "ChessBase"]
[SourceDate "2021.10.06"]
[SourceVersion "1"]
[SourceVersionDate "2021.10.06"]
[SourceQuality "1"]

1. Nf3 d5 2. c4 c5 3. Nc3 Nf6 4. cxd5 Nxd5 5. e3 Nc6 6. Bb5 Nxc3 7. bxc3 Bd7 8. 0-0 e6 9. d4 Be7 10. e4 Qa5 11. c4 Rd8 12. d5 exd5 13. exd5 Nb4 14. Bxd7+ Rxd7 15. Bb2 0-0 16. Ne5 Rd6 17. Qg4 Bf6 18. a3 Na6 19. Rae1 Qc7 20. Re3 Qc8 21. Qh5 Qc7 22. Rfe1 Rb6 23. Rh3 h6 24. Ba1 Re8 25. Rhe3 Re7 26. Qe2 Kf8 27. g3 Qd6 28. Ng4 Rxe3 29. Qxe3 Be7 30. Be5 Qd7 31. d6 Bxd6 32. Bxg7+ 1-0

[Event "Quebec-ch A U20 Pepsico"]
[Site "Montreal"]
[Date "2012.02.11"]
[Round "3"]
[White "Luo, Alan"]
[Black "Sprumont, Oscar"]
[Result "0-1"]
[WhiteElo "1214"]
[BlackElo "1798"]
[PlyCount "60"]
[EventDate "2012.02.10"]
[EventType "swiss"]
[EventRounds "5"]
[EventCountry "CAN"]
[SourceTitle "EXT 2022"]
[Source "ChessBase"]
[SourceDate "2021.10.06"]
[SourceVersion "1"]
[SourceVersionDate "2021.10.06"]
[SourceQuality "1"]

1. e4 e5 2. f4 exf4 3. Nf3 d5 4. exd5 c6 5. Nc3 Bd6 6. Bc4 Ne7 7. d4 0-0 8. 0-0 Bg4 9. Qe1 Ng6 10. Ne5 Qb6 11. Nxg6 Qxd4+ 12. Qf2 Qxf2+ 13. Rxf2 hxg6 14. Ne4 Bc7 15. Kh1 Re8 16. d6 Rxe4 17. dxc7 Rxc4 18. cxb8Q+ Rxb8 19. Bxf4 Re8 20. Raf1 Bf5 21. c3 Rce4 22. h3 Be6 23. a3 Bc4 24. Rd1 Bd5 25. Bd6 Re2 26. Rxe2 Rxe2 27. Rg1 Rxb2 28. Kh2 Rc2 29. Be5 f6 30. Bd4 b6 0-1

[Event "British Universities-ch"]
[Site "Oxford"]
[Date "2010.02.27"]
[Round "1.13"]
[White "Luo, Alan"]
[Black "Vas, Peter1"]
[Result "1/2-1/2"]
[WhiteElo "1720"]
[BlackElo "2252"]
[PlyCount "94"]
[EventDate "2010.02.27"]
[EventType "team-swiss"]
[EventRounds "5"]
[EventCountry "ENG"]
[SourceTitle "EXT 2023"]
[Source "ChessBase"]
[SourceDate "2022.10.05"]
[SourceVersion "1"]
[SourceVersionDate "2022.10.05"]
[SourceQuality "1"]
[WhiteTeam "Imperial II"]
[BlackTeam "London UCL"]
[WhiteTeamCountry "ENG"]
[BlackTeamCountry "ENG"]

1. Nf3 d5 2. c4 e6 3. g3 Nf6 4. Bg2 Be7 5. 0-0 0-0 6. b3 c5 7. e3 Nc6 8. Bb2 b6 9. Nc3 Bb7 10. cxd5 exd5 11. d4 Re8 12. Rc1 Bf8 13. Ne2 Ba6 14. Re1 Nb4 15. Nf4 c4 16. bxc4 Bxc4 17. a3 Nc6 18. Nd2 Na5 19. e4 g5 20. Nxd5 Bxd5 21. exd5 Qd7 22. Ne4 Nxe4 23. Bxe4 Bg7 24. Qd3 h6 25. Bh7+ Kh8 26. Be4 Rad8 27. Qf3 b5 28. Bf5 Qb7 29. Bb1 Kg8 30. Qf5 Nc4 31. Bc3 a5 32. Bd3 Qb6 33. Qh7+ Kf8 34. Bxc4 bxc4 35. Rb1 Rxe1+ 36. Rxe1 Qg6 37. Qxg6 fxg6 38. Bxa5 Rxd5 39. Bb4+ Kg8 40. Re6 Kf7 41. Re7+ Kg8 42. Re6 Kf7 43. Re7+ Kg8 44. Re6 Kh7 45. Re7 Kh8 46. Re8+ Kh7 47. Re7 Kg8 1/2-1/2

[Event "CAN-ch U08"]
[Site "Quebec"]
[Date "2008.07.16"]
[Round "6"]
[White "Luo, Alan"]
[Black "Zhang, Richard"]
[Result "1-0"]
[WhiteElo "914"]
[BlackElo "962"]
[PlyCount "115"]
[EventDate "2008.07.14"]
[EventType "swiss"]
[EventRounds "7"]
[EventCountry "CAN"]
[SourceTitle "EXT 2011"]
[Source "ChessBase"]
[SourceDate "2010.11.26"]
[SourceVersion "1"]
[SourceVersionDate "2010.11.26"]
[SourceQuality "1"]

1. e4 c5 2. Nf3 d6 3. d4 cxd4 4. Nxd4 Nf6 5. Nc3 a6 6. Bc4 b5 7. Be2 b4 8. Nd5 Nxd5 9. exd5 Bb7 10. Nf3 Qa5 11. 0-0 Bxd5 12. Bd2 Bxf3 13. Bxf3 Ra7 14. Be3 Rc7 15. Be4 Nc6 16. Qf3 Ne5 17. Qd1 Nc4 18. Qe2 Nxe3 19. Qxe3 e5 20. Qf3 Be7 21. Bc6+ Kf8 22. Bd5 Bf6 23. Qh5 g6 24. Qh6+ Bg7 25. Qd2 Rc5 26. Bf3 Qc7 27. Rac1 e4 28. Bxe4 Bxb2 29. Qxb4 Bxc1 30. Rxc1 a5 31. Qd2 Rh5 32. Qd4 Rg8 33. Bf3 Rc5 34. c3 Rc4 35. Qd2 Kg7 36. Bd5 Rc5 37. Qd4+ Kf8 38. Re1 Rxc3 39. Qe4 Qc8 40. Qe7+ Kg7 41. Qxf7+ Kh8 42. Qf6+ Rg7 43. h3 Rc1 44. Rxc1 Qxc1+ 45. Kh2 Qc8 46. Kg3 h6 47. Qxd6 Qc3+ 48. Kh2 Kh7 49. f4 Qc7 50. Qf6 Qe7 51. Qa6 Qa7 52. Qd3 Rd7 53. f5 Qc7+ 54. g3 Qb7 55. fxg6+ Kg7 56. Qc3+ Kxg6 57. Bxb7 Rxb7 58. Qc6+ 1-0

[Event "Sherbrooke op-C"]
[Site "Sherbrooke"]
[Date "2008.05.24"]
[Round "3"]
[White "Luo, Alan"]
[Black "Doucet, Jean Pascal"]
[Result "0-1"]
[WhiteElo "789"]
[BlackElo "1008"]
[PlyCount "95"]
[EventDate "2008.05.23"]
[EventType "swiss"]
[EventRounds "5"]
[EventCountry "CAN"]
[SourceTitle "EXT 2011"]
[Source "ChessBase"]
[SourceDate "2010.11.26"]
[SourceVersion "1"]
[SourceVersionDate "2010.11.26"]
[SourceQuality "1"]

1. e4 e5 2. Nf3 Nc6 3. Bc4 h6 4. c3 Bc5 5. 0-0 Nf6 6. Bb3 Nxe4 7. Nxe5 0-0 8. d3 Nd6 9. d4 Bb6 10. Nd3 a5 11. Qg4 Kh8 12. Re1 f5 13. Qg3 Ne4 14. Qf3 g5 15. Qh3 Kg7 16. f3 Nf6 17. Ne5 Qe8 18. Nd3 Ne7 19. Qg3 f4 20. Nxf4 c6 21. h4 Nf5 22. hxg5 Nxg3 23. gxf6+ Kxf6 24. Rxe8 Rxe8 25. Nd2 Ne2+ 26. Kf2 Nxf4 27. Ne4+ Ke7 28. Bxf4 d5 29. Nd6 Rh8 30. Nxc8+ Raxc8 31. Re1+ Kf6 32. Be5+ Kf7 33. Bxh8 Rxh8 34. Re5 Bc7 35. f4 Rf8 36. Ke3 Bxe5 37. dxe5 b5 38. Kd4 Ke6 39. Kc5 Kd7 40. Bxd5 cxd5 41. Kxd5 b4 42. cxb4 axb4 43. Ke4 Rg8 44. f5 Kd8 45. Kd5 Rxg2 46. e6 Ke7 47. f6+ Kxf6 48. Kc5 0-1

[Event "Montreal Ligue elite du dimanche"]
[Site "Montreal"]
[Date "2007.09.30"]
[Round "4"]
[White "Charbonneau, Olivier"]
[Black "Luo, Alan"]
[Result "1-0"]
[WhiteElo "1276"]
[BlackElo "707"]
[PlyCount "26"]
[EventDate "2007.09.09"]
[EventType "swiss"]
[EventRounds "5"]
[EventCountry "CAN"]
[SourceTitle "EXT 2022"]
[Source "ChessBase"]
[SourceDate "2021.10.06"]
[SourceVersion "1"]
[SourceVersionDate "2021.10.06"]
[SourceQuality "1"]

1. c4 e5 2. g3 Nc6 3. Bg2 Nf6 4. Nc3 Bb4 5. e4 0-0 6. Nge2 Bc5 7. 0-0 Bd4 8. Nxd4 Nxd4 9. d3 d6 10. h3 Be6 11. Ne2 Nxe2+ 12. Qxe2 h6 13. f4 d5 1-0

[Event "CAN-ch U08"]
[Site "Ottawa"]
[Date "2007.07.05"]
[Round "6"]
[White "Roberge, Alexandre"]
[Black "Luo, Alan"]
[Result "0-1"]
[WhiteElo "754"]
[BlackElo "914"]
[PlyCount "30"]
[EventDate "2007.07.03"]
[EventType "swiss"]
[EventRounds "7"]
[EventCountry "CAN"]
[SourceTitle "EXT 2022"]
[Source "ChessBase"]
[SourceDate "2021.10.06"]
[SourceVersion "1"]
[SourceVersionDate "2021.10.06"]
[SourceQuality "1"]

1. e4 e5 2. Nf3 Nc6 3. Bc4 Nf6 4. Nc3 Nxe4 5. Nxe4 d5 6. Nxe5 Nxe5 7. d3 dxc4 8. dxc4 Nxc4 9. a4 Bc5 10. Qh5 Qd4 11. b4 Qxf2+ 12. Kd1 Qxg2 13. Re1 Be7 14. Ra3 Bg4+ 15. Re2 Qf1# 0-1